Państwa graniczące z Morzem Śródziemnym. - Statystyki

Ogólne statystyki
  • Ten quiz został rozwiązany 24 razy
  • Średni wynik to 20 z 22
Statystyki odpowiedzi
kontynent państwo % Poprawnych
Europa Chorwacja
100%
Afryka/Azja Egipt
100%
Europa Grecja
100%
Europa Hiszpania
100%
Afryka Maroko
100%
Afryka Tunezja
100%
Azja/Europa Turcja
100%
Europa Włochy
100%
Europa Albania
95%
Afryka Algieria
95%
Europa Bośnia i Hercegowina
95%
Europa Francja
95%
Europa Monako
95%
Azja Cypr
89%
Europa Słowenia
89%
Europa Czarnogóra
84%
Azja Izrael
84%
Afryka Libia
84%
Europa Malta
84%
Azja Liban
79%
Azja Syria
79%
Europa Wielka Brytania
58%
Nie znaleziono quizów pasujących do podanych kryteriów
Rozkład punktacji
Procent ludzi z każdym wynikiem
Percentyl według liczby udzielonych odpowiedzi
Twoja historia wyników
Nie rozwiązałeś tego quizu